000 00290nam a22001337a 4500
020 _a978-0-099-51587-6
082 _a8223
_bMER/A
100 _aMERCURIO, JED
245 _aAMERICAN ADULTERER
260 _aLONDON
_bVINTAGE
300 _a354
650 _aNOVEL, ENGLISH
_zLONDON
942 _cBK
999 _c2452
_d2452